| 000 | 00884nam a2200229 i 4500 | ||
|---|---|---|---|
| 001 | 34482 | ||
| 003 | ES-MaACL | ||
| 005 | 20230906154936.0 | ||
| 007 | t| | ||
| 008 | 030207s1963 sp ||||1| spa d | ||
| 100 | 1 |
_aBohlen, Adolf. _929826 |
|
| 245 | 1 | 0 |
_aMetodología de la enseñanza de los idiomas modernos / _cpor Adolf Bohlen ; traducción de la tercera edición de Aurora García Hervas. |
| 260 |
_aMadrid : _bDirección General de Enseñanza Media, _c1963. |
||
| 300 |
_a263 p. ; _c21 cm. |
||
| 490 | 1 | _aPublicaciones de la Revista Enseñanaza Media | |
| 500 | _aPrecede al tít.: Ministerio de Educación Nacional. | ||
| 700 | 1 |
_aGarcía Hervás, Aurora. _954773 |
|
| 710 | 1 |
_aEspaña. _bMinisterio de Educación Nacional. _93859 |
|
| 830 | 0 |
_aPublicaciones de la Revista Enseñanaza Media _9229495 |
|
| 852 |
_aES-MaACL _jC-24631 _bR.53355 |
||
| 999 |
_c34482 _d34482 |
||